000 00470nam a22001457a 4500
005 20260129092120.0
008 251212b |||||||| |||| 00| 0 eng d
020 _a9781509821761
082 _aDFic Ar23 2013
100 _aArcher, Jeffrey.
_969441
245 _aBest kept secret :
_bthe fate of two families forever entwined volume 3 /
_cJeffrey Archer.
260 _aLondon :
_bPan Books,
_c©2013.
300 _a466 pages :
_billustrations ;
_c20 cm.
942 _2ddc
_cDFIC
999 _c24232
_d24232